Processus stochastiques et mouvement brownien

Uloženo v:
Podrobná bibliografie
Hlavní autor: Lévy, Paul Pierre (Autor)
Médium: Kniha
Jazyk:francouzština
Vydáno: París Gauthier-Villars 1965
Témata:
Tagy: Přidat tag
Žádné tagy, Buďte první, kdo vytvoří štítek k tomuto záznamu!

MARC

LEADER 00000nam a2200000 a 4500
001 UCP0019
003 CL-VaPUC
008 990128e19650000FR |||||||||||||||||fre|d
082 0 4 |a 519.2  |b LEV  |2 21 
100 |a Lévy, Paul Pierre  |e author  |9 427456 
245 1 0 |a Processus stochastiques et mouvement brownien 
300 |a 438 p 
942 |c BK 
945 |d 19990128 00:00:00  |a crobeson 
260 |a París  |b Gauthier-Villars  |c 1965 
650 0 |a Procesos estocásticos   |9 260364 
650 0 |a Procesos de Markov  |9 270451 
650 0 |a Probabilidades   |9 260199 
650 7 |a PROCESOS ESTACIONARIOS  |2 CL-VaPUC  |9 424752 
650 7 |a MOVIMIENTO BROWNIANO  |2 CL-VaPUC  |9 270488 
583 |a last modification  |c 19990128 00:00:00  |k Rodrigo Vera 
999 |c 278905  |d 278903 
952 |0 0  |1 0  |4 0  |6 519_200000000000000_LEV_1965  |7 0  |8 A  |9 317720  |a BIBGIM  |b BIBGIM  |d 2019-11-20  |i 1320432  |o 519.2 LEV 1965  |p 1320432  |r 2025-01-15  |w 2019-11-20  |y BK  |k EST